Suomen top 10 isoimmat kaupungit - Statistics

Yleistilastot
  • Tätä visaa on pelattu 38 kertaa
  • Keskiarvotulos 9 / 10
Vastaustilastot
Sija Kaupunki % Oikein
2. Espoo
100%
1. Helsinki
100%
5. Oulu
100%
6. Turku
100%
4. Vantaa
100%
3. Tampere
97%
7. Jyväskylä
89%
8. Kuopio
86%
10. Pori
71%
9. Lahti
66%
Ehtoja vastaavia visoja ei löytynyt
Tulosjakauma
Jokaisen tuloksen saaneiden osuus
Persentiili vastausten määrän mukaan
Tuloshistoriasi
Et ole pelannut tätä visaa